000 00338nam a2200133Ia 4500
100 _aGhosal/ A Ed.
650 _aElectrical Engineering
942 _cBK
654 _acybernetics & systems
245 _aRecent advances in Cybernectics & Systems
260 _bTata Mc Graw hill
_aNew Delhi
_c1993
546 _aENGLISH
999 _c28670
_d28670